| 000 | 00471nam a2200121Ia 4500 | ||
|---|---|---|---|
| 008 | 220216s9999 xx 000 0 und d | ||
| 100 | _aVijayakumar K R | ||
| 245 | 0 | _aLabour and cost reductions in natural rubber production through low frequency tapping systems | |
| 260 | _bIRRDB Workshop on Latex Harvesting Technologies, 5-8 May 2008, Academy Hevea Malaysia, Malaysian Rubber Board, Sungai Buloh, Selangor. | ||
| 650 | _aCost reduction | ||
| 650 | _aLFT | ||
| 942 | _cBS | ||
| 999 |
_c50643 _d50643 |
||